Kvalita života a spotreba vo vybraných krajinách EÚ diplomová práca

Enregistré dans:
Détails bibliographiques
Auteur principal: Tomčalová, Zuzana
Collectivité auteur: Národohospodárska fakulta EU. Katedra hospodárskej politiky
Autres auteurs: Holková, Vieroslava
Format: Livre
Langue:slovaque
Publié: Bratislava 2011
Tags: Ajouter un tag
Pas de tags, Soyez le premier à ajouter un tag!

MARC

LEADER 00000nbm a2200000 4500
001 0130892
005 20161109101628.3
041 0 |a slo 
044 |a SK 
245 1 0 |a Kvalita života a spotreba vo vybraných krajinách EÚ  |b diplomová práca  |c Zuzana Tomčalová ; školiteľ:Vieroslava Holková 
264 1 |a Bratislava  |c 2011 
300 |a 85 s. 
100 1 |a Tomčalová, Zuzana 
700 1 |a Holková, Vieroslava 
710 2 |a Národohospodárska fakulta EU. Katedra hospodárskej politiky